000 00248nam a2200097Ia 4500
001 703941
005 20250826162401.0
008 250824s9999 xx 000 0 und d
245 0 _aSAVAŞ VE BARIŞ
_cBRİGİTTEN LABBE
260 _bGÜNIŞIĞI YAYINLARI
999 _c703941
_d703941